00586nam a22001937a 450000500170000001000130001702000230003003500130005303700160006604000120008208200130009410000220010724500830012926000420021227000470025430000210030150000400032265000300036220170124110037.0 aB-092539 c470.00a8177080245 aB-092539 bCen Lib/Ret aDPLbEN a809bCHA aChandorkar, Leena aEye me myself :cby Leena Chandorkarba study of six women's autobiographies / aDelhibNew Century Publicationsc2002 a34, Gujranwala Town, Part-2bDelhie110033 a224p. c20cm(Hb) aIncludes bibliographical references aAutobiographies of women.